Enfermería psiquiátrica / (Registro nro. 21803)
[ vista simple ]
| 000 -LEADER | |
|---|---|
| fixed length control field | 01901nam a22002177a 4500 |
| 001 - CONTROL NUMBER | |
| control field | 021617 |
| 003 - CONTROL NUMBER IDENTIFIER | |
| control field | DO-CoUTE |
| 005 - DATE AND TIME OF LATEST TRANSACTION | |
| control field | 20260204212649.0 |
| 008 - FIXED-LENGTH DATA ELEMENTS--GENERAL INFORMATION | |
| fixed length control field | 220801b dr ||||| |||| 00| 0 spa d |
| 020 ## - INTERNATIONAL STANDARD BOOK NUMBER | |
| International Standard Book Number | 978-1-6-05478-61-6 |
| 040 ## - CATALOGING SOURCE | |
| Original cataloging agency | DO-CoUTE |
| Language of cataloging | spa |
| Transcribing agency | DO-CoUTE |
| 082 ## - DEWEY DECIMAL CLASSIFICATION NUMBER | |
| Edition number | 22 |
| Classification number | 610.7368 V652e |
| Item number | 2012 |
| 100 1# - MAIN ENTRY--PERSONAL NAME | |
| Personal name | Videbeck, Sheila L. |
| Relator term | autor |
| 245 1# - TITLE STATEMENT | |
| Title | Enfermería psiquiátrica / |
| Statement of responsibility, etc. | Sheila L. Videbeck ; traductor Juan Manuel Martín Arias |
| 260 ## - PUBLICATION, DISTRIBUTION, ETC. | |
| Place of publication, distribution, etc. | Barcelona, España : |
| Name of publisher, distributor, etc. | Wolters Kluwer, |
| Date of publication, distribution, etc. | 2012 |
| 300 ## - PHYSICAL DESCRIPTION | |
| Extent | 526 páginas |
| 520 ## - SUMMARY, ETC. | |
| Summary, etc. | La 5.ª edición de Enfermería psiquiátrica , completamente actualizada, explora el programa de estudios completo sobre enfermería psiquiátrica, desde los fundamentos teóricos hasta la intervención práctica de los trastornos psiquiátricos más frecuentes. La obra se centra en los tipos de tratamiento, los cuidados de enfermería, las habilidades de comunicación terapéutica (resaltada en cada capítulo con iconos gráficos) y temas de autoconciencia de la profesión. Abundantes características gráficas resaltan los conceptos de aprendizaje más relevantes.<br/><br/>Características destacadas:<br/><br/>- Todos los capítulos incluyen una guía de estudio con preguntas para que los estudiantes refuercen el aprendizaje y que retengan los conocimientos.<br/>- Cada trastorno importante se presenta con casos clínicos para una mayor comprensión.<br/>- En toda la obra se tratan cuestiones culturales como respuesta a la creciente diversidad social, así como se incluyen alertas farmacológicas que resaltan los puntos esenciales de los psicofármacos.<br/>- El final de cada capítulo contiene apartados para la autoconciencia y preguntas para un razonamiento crítico, así como recursos en línea para una mayor profundización del estudio. |
| 650 #7 - SUBJECT ADDED ENTRY--TOPICAL TERM | |
| Source of heading or term | LEMB |
| Topical term or geographic name entry element | Psiquiatría |
| 700 ## - ADDED ENTRY--PERSONAL NAME | |
| Personal name | Martín Arias, Juan Manuel |
| Relator term | traductor |
| 942 ## - ADDED ENTRY ELEMENTS (KOHA) | |
| Source of classification or shelving scheme | Dewey Decimal Classification |
| Koha item type | Libros |
| Withdrawn status | Lost status | Source of classification or shelving scheme | Damaged status | Not for loan | Collection code | Home library | Current library | Date acquired | Inventory number | Total Checkouts | Full call number | Barcode | Date last seen | Copy number | Price effective from | Koha item type |
|---|---|---|---|---|---|---|---|---|---|---|---|---|---|---|---|---|
| Dewey Decimal Classification | Colección General | Biblioteca UTECO | Biblioteca UTECO | 08/01/2022 | 021617 | 610.7368 V652e 2012 | 021617 | 08/01/2022 | Ej.1 | 08/01/2022 | Libros |
